Marauders Era Characters - Statistics

General Stats
  • This quiz has been taken 990 times
  • The average score is 34 of 43
Answer Stats
Hint Answer % Correct
Pettigrew Peter
100%
Lupin Remus
99%
Potter James
98%
Black Sirius
98%
Black Bellatrix
97%
Black Regulus
97%
Evans Lily
96%
Black Narcissa
95%
Black Andromeda
93%
Rosier Evan
93%
Longbottom Frank
92%
Malfoy Lucius
92%
McKinnon Marlene
92%
Macdonald Mary
92%
Fortescue Alice
90%
Snape Severus
90%
Meadowes Dorcas
89%
Black Orion
89%
Evans Petunia
89%
Weasley Arthur
88%
Skeeter Rita
88%
Black Walburga
88%
Lovegood Pandora
87%
Potter Fleamont
86%
Prewett Molly
86%
Tonks Ted
85%
Potter Euphemia
84%
Lovegood Xenophilius
83%
Lupin Hope
80%
Lupin Lyall
79%
Crouch Barty Jr
76%
Prewett Gideon
69%
Prewett Fabian
68%
Vance Emmeline
66%
Crouch Bartemius Sr
62%
Lestrange Rodolphus
62%
Black Alphard
52%
Bones Amelia
51%
Black Cygnus
44%
Lestrange Rabastan
44%
Black Druella
38%
Bones Edgar
28%
Jones Hestia
25%
No matching quizzes found
Score Distribution
Percent of People with Each Score
Percentile by Number Answered
Your Score History
You have not taken this quiz